| 000 | 00478nam a2200193Ia 4500 | ||
|---|---|---|---|
| 008 | 170918s9999 xx 000 0 und d | ||
| 020 | _a9780545102025 | ||
| 050 | _bD188 2000 | ||
| 100 | _aDanneberg, Julie | ||
| 245 | _aFirst day jitters / | ||
| 245 | _cJulie Danneberg ; illustrated by Judy Love. | ||
| 260 | _aNew York : | ||
| 260 | _bScholastic, | ||
| 260 | _c2000 | ||
| 300 | _aunpaged : | ||
| 300 | _bcolored illustration ; | ||
| 300 | _c26cm. | ||
| 500 | _a210 | ||
| 999 |
_c341097 _d341097 |
||